00586 2200229 4500001002100000005001500021035002000036007000300056008004100059020002200100082000800122084001400130100001400144245002300158250001400181260004500195300003000240650002000270990002200290990002200312990002200334INLIS00000000001959220170911093422 a0010-0917000270ta170911 e f ind  a978-602-03-3294-9 aFIK aFIK TER b0 aTere Liye1 aBulan /cTere Liye acetakan 9 aJakarta :bGramedia Pustaka Utama,c2016 a396 halaman :b- ;c21 cm aFiksi Indonesia a954/B/Dinpus/2017 a955/B/Dinpus/2017 a956/B/Dinpus/2017